000
00345nam a2200157Ia 4500
008
210210b1943 xxu||||| |||| 00| 0 eng d
041
_a
eng
082
_a
887/28
100
_a
MACDONELL (A A)
245
_a
Indias past
260
_a
PUna
_b
-
_c
1943
650
_a
past
650
_a
Indias
690
_a
Sanskrit Literature
906
_a
024626
999
_c
150249
_d
150249